000 00544nam a2200169Ia 4500
008 110201s9999 xx 000 0 und d
082 _bB283
_aK 103
100 _aआपटे शरद
245 _aमधली नदी साक्षीला
260 _bनिशांत प्रकाशन
365 _b30
600 _aआपटे शरद
630 _aमधली नदी साक्षीला
700 _aआपटे शरद
730 _aमधली नदी साक्षीला
942 _cBOOK
999 _c827826
_d827823